| 000 | 00376nam a2200157Ia 4500 | ||
|---|---|---|---|
| 008 | 160316s2006 xxu||||| |||| 00| 0 eng d | ||
| 082 |
_a346.016000 _bCHE |
||
| 100 | _aChikermane Gautam | ||
| 245 | _aTo save the girl child-invest | ||
| 250 | _a | ||
| 260 |
_aBombay _bThe Indian Express _c2006 |
||
| 300 |
_a1 _b _c |
||
| 365 | _b | ||
| 650 | _a1. Girl child | ||
| 700 |
_a _a |
||
| 999 |
_c36594 _d36594 |
||